Loading...
Beliefs | 1 | 5 | 3 | 3 | 50 | 35 | 118.00 | 1 | 5 |
Literature - World Literature | 1 | 3 | 0 | 0 | 45 | 65 | 112.75 | 0 | 2 |
Literature - British Literature | 1 | 3 | 1 | 1 | 40 | 57 | 112.50 | 0 | 4 |
Literature - American Literature | 0 | 3 | 1 | 0 | 25 | 69 | 100.67 | 1 | 1 |
Visual Arts | 0 | 2 | 0 | 1 | 20 | 97 | 113.50 | 0 | 2 |
History - Ancient History | 0 | 2 | 0 | 0 | 20 | 103 | 119.50 | 1 | 2 |
Literature - European Literature | 0 | 3 | 2 | 1 | 20 | 103 | 114.00 | 0 | 2 |
Philosophy | 0 | 2 | 0 | 0 | 20 | 104 | 106.50 | 1 | 2 |
History - European History | 0 | 1 | 0 | 0 | 10 | 113 | 113.00 | 0 | 1 |
Social Science | 0 | 1 | 0 | 1 | 10 | 132 | 132.00 | 1 | 1 |
Auditory Arts | 0 | 1 | 0 | 0 | 10 | 112 | 112.00 | 0 | 1 |
Fine Arts - Other Arts | 0 | 1 | 0 | 0 | 10 | 70 | 70.00 | 0 | 1 |
Science - Physics | 0 | 1 | 0 | 1 | 10 | 130 | 130.00 | 0 | 1 |
Science - Other Science | 0 | 0 | 0 | 0 | 0 | 0.00 | 0 | 0 | |
Other Academic | 0 | 0 | 1 | 0 | -5 | 0.00 | 0 | 0 |